MARC

LEADER 00000nas a2200000 a 4500
001 ssj0001454329
003 WaSeSS
005 20200512172242.0
006 m d
007 cr n
008 081008c20099999nyuqr p s 0 a0eng
010 |a  2008203918 
022 |y 1943-8095 
035 |a (WaSeSS)ssj0001454329 
037 |b Nova Science Publishers, Inc., 400 Oser Ave., Suite 1600, Hauppauge, NY 11788-3619  |c $195 (annually) 
040 |a NSD  |b eng  |c NSD  |d DLC  |d OCLCF  |d OCLCO  |d AU@  |d CUS  |d WaSeSS 
042 |a pcc  |a nsdp 
050 0 0 |a T183  |b .J687 
082 1 0 |a 670  |2 22 
210 0 |a J. manuf. technol. res. 
222 0 |a Journal of manufacturing technology research 
245 0 0 |a Journal of manufacturing technology research  |h [electronic resource]. 
246 1 3 |a JMTR 
260 |a Hauppauge, NY :  |b Nova Science 
310 |a Quarterly 
362 1 |a Began with: vol. 1, issue 1/2 (2009). 
506 |a License restrictions may limit access. 
588 |a Description based on: vol. 1, issue 1/2 (2009); title from cover. 
588 |a Latest issue consulted: vol. 1, issue 1/2 (2009). 
650 0 |a Manufacturing processes  |x Technological innovations  |v Periodicals. 
650 0 |a Manufacturing processes  |x Mathematical models  |v Periodicals. 
650 0 |a Manufacturing processes  |x Statistical methods  |v Periodicals. 
650 7 |a Manufacturing processes  |x Mathematical models.  |2 fast  |0 (OCoLC)fst01008179 
650 7 |a Manufacturing processes  |x Statistical methods.  |2 fast  |0 (OCoLC)fst01008189 
650 7 |a Manufacturing processes  |x Technological innovations.  |2 fast  |0 (OCoLC)fst01008193 
655 0 |a Electronic journals. 
850 |a DLC 
856 4 0 |z Full text available from Research Library: 01/01/2011 to present  |u https://search.proquest.com/publication/2034835